The formation of the Greek people

Saved in:
Bibliographic Details
Main Author: Jarde, Auguste
Other Authors: Dobie, M. R. (Marryat Ross), 1888-1973 (Translator)
Format: Book
Language:English
French
Published: London : Routledge, c1996.
Series:History of civilization
Subjects:
Tags: Add Tag
No Tags, Be the first to tag this record!

MARC

LEADER 00000cam a2200000 i 4500
001 1/81496
008 990518s1996 enk| ||| |||| ||eng||
020 |a 0415155754 
035 |l 10050894 
040 |a GR-MyUA  |b gre  |e AACR2 
041 1 |a eng  |h fre 
082 0 |a 913.1 
100 1 |a Jarde, Auguste. 
245 1 4 |a The formation of the Greek people /   |c A. Jarde ; translated by M. R. Dobie.  
260 |a London :   |b Routledge,   |c c1996.  
300 |a 359 σ.  
490 1 |a (History of civilization)  
500 |a Reprint of the 1926 edition 
500 |a Τίτλος πρωτοτύπου: Formation du peuple grec.  
504 |a Περιέχει βιβλιογραφικές αναφορές και ευρετήριο.  
651 0 |a Greece  |x History  |y To 146 B.C. 
700 1 |a Dobie, M. R.   |q (Marryat Ross),   |d 1888-1973,  |e trl 
830 0 |a History of civilization 
852 |a INST  |b LESVOS  |e 19990518  |h 913.1 JAR  |p 005100016280  |q 005100016280  |t BK  |y 0 
901 |a BIBL1-1999-2 
909 |a Λ  |b 062149 
922 |a 1ΕΛΗ  |b 199812  |c ΚΠΣ/ΤΓ  |d LEADER 
950 |a 118-1998-10-19